[Event "ch-LTU 2017"]
[Site "masterchessopen.com Vilnius LTU"]
[Date "2017.02.28"]
[Round "5.18"]
[White "Zukauskas,P"]
[Black "Kaunas,K"]
[Result "0-1"]
[WhiteElo "1730"]
[BlackElo "2169"]

1.d4 Nf6 2.c4 e6 3.g3 d5 4.Bg2 Be7 5.Nf3 O-O 6.O-O Nbd7 7.b3 c6 8.Ba3 Bxa3
9.Nxa3 Qe7 10.Nb1 e5 11.dxe5 Nxe5 12.Nbd2 Bg4 13.h3 Nxf3+ 14.Nxf3 Be6 15.Rc1
dxc4 16.bxc4 Rad8 17.Qc2 Rd7 18.Rfd1 Rfd8 19.Rxd7 Qxd7 20.Kh2 Bf5 21.Qb2 Be4
22.e3 h6 23.Nd4 c5 24.Bxe4 Nxe4 25.Nf3 b6 26.Qe2 Qd6 27.Rc2 f6 28.Nh4 Qd3
29.Nf5 Qxe2 30.Rxe2 Kf7 31.Kg2 h5 32.f3 Nd2 33.g4 hxg4 34.fxg4 Nxc4 35.h4 Rd2
36.Rxd2 Nxd2 37.Nd6+ Ke6 38.Nc8 Nc4 39.Nxa7 Nxe3+ 40.Kf3 Nd5 41.Nb5 Ke5 42.Na3
Kd4 43.h5 c4 44.g5 fxg5 45.Kg4 c3 46.Kxg5 Kd3 47.Kg6 Nf4+ 48.Kg5 Nxh5 49.Kxh5
b5 {#R} 0-1

[Event "ch-LTU 2017"]
[Site "masterchessopen.com Vilnius LTU"]
[Date "2017.02.28"]
[Round "5.19"]
[White "Balanda,Audrius"]
[Black "Tilvikas,J"]
[Result "0-1"]
[WhiteElo "1635"]
[BlackElo "1987"]

1.d4 Nf6 2.c4 e6 3.Nc3 Bb4 4.Bd2 d5 5.e3 O-O 6.Nf3 b6 7.a3 Be7 8.Be2 Bb7 9.O-O
c5 10.dxc5 bxc5 11.Qb3 Qb6 12.Qxb6 axb6 13.Nb5 Nc6 14.Bc3 Rad8 15.Rfd1 Ne4
16.Be5 Nxe5 17.Nxe5 f6 18.Nf3 Rd7 19.Nd2 Nd6 20.cxd5 exd5 21.Rac1 Rfd8 22.Nb3
f5 23.Bf3 Nxb5 24.a4 Nc7 25.a5 Ne6 26.axb6 d4 27.Bxb7 Rxb7 28.exd4 Nxd4
29.Nxd4 Rbd7 30.b7 cxd4 31.Rc8 Rxb7 32.Rxd8+ Bxd8 33.Rxd4 Bf6 34.Rd5 g6 35.Rd6
Kg7 36.g3 g5 37.b3 Rxb3 38.Rd7+ Kg6 39.Rd6 h5 40.h3 h4 41.gxh4 gxh4 42.Kg2 Kg5
43.Rd5 Rb2 44.Rd3 Be7 45.Rc3 Bd8 46.Kf1 Bb6 47.f3 Kf4 48.Rc4+ Kg3 {#R} 0-1

[Event "ch-LTU 2017"]
[Site "masterchessopen.com Vilnius LTU"]
[Date "2017.02.28"]
[Round "5.21"]
[White "Petraitis,G"]
[Black "Bagvilas,Lukas"]
[Result "1-0"]
[WhiteElo "1925"]
[BlackElo "1740"]

1.e4 c5 2.Nf3 e6 3.d4 cxd4 4.Nxd4 Bc5 5.Be3 Qb6 6.Nc3 Nc6 7.Na4 Qa5+ 8.c3 Nxd4
9.Bxd4 Bxd4 10.Qxd4 Ne7 11.Nc5 d5 12.Nb3 Qc7 13.Bb5+ Bd7 14.Bxd7+ Qxd7
15.O-O-O O-O 16.exd5 Nxd5 17.Kb1 Qe7 18.Rhe1 Rfd8 19.Qe5 Qf6 20.Qxf6 Nxf6
21.f3 Nd5 22.Rd4 Kf8 23.g3 b6 24.f4 Nf6 25.Red1 Ke7 26.Rxd8 Rxd8 27.Rxd8 Kxd8
28.Nd4 Kd7 29.Kc2 Ng4 30.Nf3 f6 31.Kd3 Kd6 32.Ke2 Kd5 33.h3 Nh6 34.Kd3 Nf5
35.g4 Nh4 36.Nxh4 {#r} 1-0

[Event "ch-LTU 2017"]
[Site "masterchessopen.com Vilnius LTU"]
[Date "2017.02.28"]
[Round "5.22"]
[White "Janulaitis,Albertas"]
[Black "Muzas,Kestutis"]
[Result "1-0"]
[WhiteElo "1907"]
[BlackElo "1642"]

1.d4 d5 2.c4 e6 3.Nc3 Nf6 4.Bg5 Be7 5.e3 h6 6.Bh4 O-O 7.Nf3 b6 8.cxd5 Nxd5
9.Bxe7 Qxe7 10.Nxd5 exd5 11.Qb3 Be6 12.Be2 Nd7 13.O-O c5 14.Rac1 Rac8 15.Qa3
Nf6 16.Ne5 Rfd8 17.Rfd1 Kf8 18.Qa4 cxd4 19.Nc6 Qd7 20.Qa3+ Ke8 21.Nxd8 Qxd8
22.Rxc8 Qxc8 23.exd4 Ne4 24.Bb5+ Bd7 25.Bxd7+ Qxd7 26.Re1 {#r} 1-0

[Event "ch-LTU 2017"]
[Site "masterchessopen.com Vilnius LTU"]
[Date "2017.02.28"]
[Round "5.24"]
[White "Kraujunas,Vladas"]
[Black "Maziukas,Kasparas"]
[Result "0-1"]
[WhiteElo "1860"]
[BlackElo "1621"]

1.e4 c6 2.d4 d5 3.Nc3 dxe4 4.Nxe4 Bf5 5.Ng3 Bg6 6.h4 h6 7.h5 Bh7 8.Nf3 e6
9.Bd3 Bxd3 10.Qxd3 Nf6 11.Ne5 Nbd7 12.f4 c5 13.Bd2 cxd4 14.O-O-O Qb6 15.Qe2
Nxe5 16.fxe5 Nd5 17.Rhf1 Rc8 18.Qe4 Qa6 19.Qf3 Qxa2 20.Qxf7+ Kd8 21.c3 Qa1+
{#R} 0-1

[Event "ch-LTU 2017"]
[Site "masterchessopen.com Vilnius LTU"]
[Date "2017.02.28"]
[Round "5.25"]
[White "Kusner,Michail"]
[Black "Barsciauskas,G"]
[Result "0-1"]
[WhiteElo "1841"]
[BlackElo "1598"]

1.e4 c5 2.Nf3 g6 3.Bc4 Bg7 4.c3 e6 5.O-O Ne7 6.d4 cxd4 7.cxd4 d5 8.Bb5+ Bd7
9.Bxd7+ Nxd7 10.e5 O-O 11.Qe2 a6 12.Bg5 h6 13.Bh4 g5 14.Bg3 Nf5 15.Rd1 g4
16.Ne1 Nxg3 17.hxg3 Qg5 18.Nd2 Rfc8 19.Rac1 h5 20.Nb3 Bf8 21.Nd3 Rc4 22.Nf4
Rac8 23.Qf1 b5 24.Nd2 Rc2 25.a3 Nb6 26.b4 Bh6 27.Nb3 Qf5 28.Rxc2 Rxc2 29.Nc5
Bxf4 30.gxf4 Qxf4 31.Nxa6 Nc4 32.g3 Qf5 33.Qe1 Qf3 34.Rc1 Re2 35.Qf1 Nd2
36.Qg2 Qxa3 37.Rd1 Qxa6 38.Qh1 Nf3+ 39.Kg2 Qa2 40.Rf1 Qc2 41.Qxh5 Qe4 42.Rc1
Nd2+ 43.Kg1 Re1+ 44.Rxe1 Qxe1+ {#R} 0-1

[Event "ch-LTU 2017"]
[Site "masterchessopen.com Vilnius LTU"]
[Date "2017.02.28"]
[Round "5.26"]
[White "Paknys,Mindaugas"]
[Black "Juodzevicius,Karolis"]
[Result "1-0"]
[WhiteElo "1836"]
[BlackElo "1444"]

1.e4 e6 2.d4 d5 3.Nd2 dxe4 4.Nxe4 Nd7 5.Nf3 Ngf6 6.Bg5 Be7 7.Ng3 h6 8.Be3 O-O
9.Bd3 c5 10.O-O Qc7 11.c3 b6 12.Qd2 Ng4 13.Bf4 Bd6 14.Bxd6 Qxd6 15.dxc5 Qxc5
16.Qf4 Ngf6 17.Ne4 Qe7 18.Qd6 Qxd6 19.Nxd6 Nc5 20.Bc2 Ba6 21.c4 Rad8 22.Rfd1
Nb7 23.Nxb7 Bxb7 24.Ne5 Ne4 25.f3 Nd6 26.b4 Nf5 27.Kf2 Nd4 28.Ba4 Rd6 29.Rac1
Rfd8 30.c5 bxc5 31.bxc5 Rd5 32.c6 Bc8 33.c7 R8d6 34.Bd7 Rxd7 35.Nxd7 Rxd7
36.Rb1 Rxc7 37.Rxd4 Rc2+ 38.Kg3 Ba6 39.Ra4 Bc4 40.a3 a6 41.Rb8+ Kh7 42.Rc8 Bb3
43.Rxc2 Bxa4 44.Rc7 Kg6 45.Kf4 Kf6 46.Ke4 g5 47.Rc8 Ke7 48.Rh8 Bc6+ 49.Ke3 Kf6
50.h3 {#r} 1-0

[Event "ch-LTU 2017"]
[Site "masterchessopen.com Vilnius LTU"]
[Date "2017.02.28"]
[Round "5.27"]
[White "Jasiunas,Raimundas"]
[Black "Pilipuitis,Mantas"]
[Result "0-1"]
[WhiteElo "1823"]
[BlackElo "1433"]

1.e4 e5 2.Nf3 Nc6 3.d4 exd4 4.Nxd4 Nf6 5.Nxc6 bxc6 6.Bd3 Bc5 7.O-O O-O 8.Bg5
h6 9.Bh4 d6 10.Kh1 Re8 11.Re1 Ng4 12.f3 Qxh4 13.fxg4 Bf2 14.Rf1 Bxg4 15.Qd2
Bg3 16.h3 Re5 17.Nc3 Rg5 18.Rf4 Bxf4 19.Qxf4 Qh5 20.Kh2 Be6 21.Be2 Qg6 22.Bf3
Qf6 23.Qe3 Qe5+ 24.Kh1 Bxh3 25.Ne2 Qxb2 26.Rd1 Be6 27.Nd4 c5 28.Nc6 Qxc2 29.e5
d5 30.Ne7+ Kh8 31.Rc1 Rxe5 32.Qxh6+ gxh6 33.Rxc2 Re8 34.Nc6 Re1+ 35.Kh2 d4
36.Rxc5 d3 37.Rc3 Bf5 38.Nd4 Bg6 39.Nb3 Rd8 40.Nd2 Ra1 41.Ra3 Rc1 {#R} 0-1

[Event "ch-LTU 2017"]
[Site "masterchessopen.com Vilnius LTU"]
[Date "2017.02.28"]
[Round "5.28"]
[White "Koliasnikovas,Aironas"]
[Black "Kadonas,Kestutis"]
[Result "1-0"]
[WhiteElo "1571"]
[BlackElo "1843"]

1.d4 d6 2.c4 g6 3.Nc3 Nf6 4.e4 Bg7 5.Be2 O-O 6.Bg5 Nbd7 7.Qd2 Re8 8.h3 c5 9.d5
a6 10.Nf3 Nf8 11.O-O Rb8 12.a4 Bd7 13.e5 dxe5 14.Nxe5 Ne4 15.Nxe4 Bxe5 16.Nxc5
Bf5 17.Bd3 Bc8 18.Be2 b6 19.Nd3 Bg7 20.Bf3 Bb7 21.Rfe1 Rc8 22.d6 Qd7 23.Bxb7
Qxb7 24.Rxe7 Rxe7 25.dxe7 Ne6 26.Nf4 Nd4 27.Nd5 Qc6 28.Re1 Re8 29.Bh6 Bh8
30.Bf4 Ne6 31.Be5 Nc5 32.Bxh8 Kxh8 33.Qc3+ f6 34.Qxf6+ Qxf6 35.Nxf6 {#r} 1-0

[Event "ch-LTU 2017"]
[Site "masterchessopen.com Vilnius LTU"]
[Date "2017.02.28"]
[Round "5.31"]
[White "Sarauskas,Andrius"]
[Black "Bandza,Rokas"]
[Result "1-0"]
[WhiteElo "1710"]
[BlackElo "1477"]

1.Nf3 d5 2.g3 Nf6 3.Bg2 e6 4.O-O Be7 5.d3 O-O 6.Nbd2 c5 7.c4 Nc6 8.b3 Bd7
9.Bb2 Rc8 10.Re1 h6 11.e4 d4 12.e5 Nh7 13.h3 a6 14.Nf1 Re8 15.N1h2 Nf8 16.h4
Qc7 17.Qe2 Bd8 18.Bc1 Ne7 19.b4 b5 20.cxb5 Bxb5 21.a4 Bd7 22.bxc5 Qxc5 23.Ba3
Qa7 24.Rec1 Rc3 25.Bb2 Rxc1+ 26.Rxc1 Bb6 27.Qe4 Bxa4 28.Bxd4 Rd8 29.Bxb6 Qxb6
30.Qxa4 Rxd3 31.Qc2 Rd8 32.Nf1 Rc8 33.Qd2 Rd8 34.Qe3 Qb2 35.Qc3 Qb5 36.Nd4 Qa4
37.Nc6 Nxc6 38.Qxc6 Qa2 39.Qc4 Qa5 40.Qc7 Qa3 41.Rc3 Qa1 42.Qxd8 Qxc3 43.Qd6
a5 44.Bc6 Ng6 45.Qb8+ Kh7 46.Be4 a4 47.h5 a3 48.hxg6+ fxg6 49.Qe8 h5 50.Qxg6+
Kg8 51.Qe8# 1-0

[Event "ch-LTU 2017"]
[Site "masterchessopen.com Vilnius LTU"]
[Date "2017.02.28"]
[Round "5.33"]
[White "Motuza,Nedas"]
[Black "Feofanov,Boris"]
[Result "0-1"]
[WhiteElo "1378"]
[BlackElo "1711"]

1.d4 Nf6 2.c4 e6 3.Nc3 b6 4.Bg5 Be7 5.Nf3 Bb7 6.e3 d6 7.Bd3 Nbd7 8.O-O O-O
9.Rc1 c5 10.Bxf6 Nxf6 11.d5 exd5 12.cxd5 a6 13.e4 g6 14.Re1 Nd7 15.Nd2 b5
16.Kh1 Bf6 17.b3 Bg7 18.f3 Qh4 19.Nf1 Be5 20.Ne2 Qd8 21.Ne3 Bg7 22.Rc2 Ne5
23.f4 Nxd3 24.Qxd3 Qh4 25.Rec1 Bc8 26.g3 Qe7 27.e5 dxe5 28.fxe5 Qxe5 29.Rxc5
Re8 30.d6 Bb7+ 31.Kg1 Qxe3+ 32.Qxe3 Rxe3 33.d7 Rd8 34.Rc8 Bxc8 35.Rxc8 Bf6
36.Nf4 Re1+ 37.Kf2 Rd1 {#R} 0-1

[Event "ch-LTU 2017"]
[Site "masterchessopen.com Vilnius LTU"]
[Date "2017.02.28"]
[Round "5.35"]
[White "Boyajyan,David"]
[Black "Girdziusas,Kestutis"]
[Result "1-0"]
[WhiteElo "1601"]
[BlackElo "1409"]

1.d4 Nf6 2.c4 g6 3.Nc3 Bg7 4.e4 d6 5.Be2 O-O 6.Bg5 h6 7.Be3 e5 8.d5 a5 9.f3
Na6 10.Qd2 Kh7 11.O-O-O Nd7 12.g4 Ndc5 13.Nh3 f6 14.Nf2 g5 15.h4 Kg8 16.hxg5
fxg5 17.Rh2 Bd7 18.Rdh1 Na4 19.Nxa4 Bxa4 20.Rxh6 Rf4 21.Bxf4 exf4 22.Rg6 Be8
23.Rxg7+ Kxg7 24.Qd4+ Qf6 25.Rh7+ Kxh7 26.Qxf6 Nc5 27.Nh3 Nd7 28.Nxg5+ Kg8
29.Qe6+ Kg7 30.Bd3 Nc5 31.Qe7+ Kg6 32.Bc2 Nd7 33.e5+ Kh6 34.e6 Bg6 35.Bxg6
Kxg6 36.exd7 {#r} 1-0

[Event "ch-LTU 2017"]
[Site "masterchessopen.com Vilnius LTU"]
[Date "2017.02.28"]
[Round "5.41"]
[White "Venckevicius,Justas"]
[Black "Viliamas,Dovydas"]
[Result "1-0"]
[WhiteElo "1497"]
[BlackElo "1176"]

1.e4 e6 2.d4 d5 3.Nc3 dxe4 4.Nxe4 Nd7 5.Nf3 Ngf6 6.Nxf6+ Nxf6 7.Bd3 Bd7 8.Ne5
Be7 9.c3 h6 10.Bd2 c5 11.dxc5 Bxc5 12.O-O O-O 13.Qf3 Bd6 14.Nxd7 Qxd7 15.Rad1
Qe7 16.Rfe1 Rfd8 17.Bb1 Rd7 18.Bc1 Rad8 19.Kh1 Nh7 20.Qg4 Ng5 21.h4 Nh7
22.Bxh6 f5 23.Bxf5 exf5 24.Rxe7 fxg4 25.Rxd7 Rxd7 26.Bf4 Nf6 27.Rxd6 Rxd6
28.Bxd6 Ne4 29.Bg3 Nd2 30.Bf4 Ne4 31.Kg1 g6 32.Kf1 Kf7 33.Ke2 Kf6 34.Ke3 Kf5
35.g3 Nc5 36.Kd4 Ne6+ 37.Ke3 Nc5 38.b4 Nd7 39.Kd4 Ke6 40.a4 a6 41.c4 Nb6 42.a5
Nc8 43.b5 Ne7 44.Kc5 {#r} 1-0

[Event "ch-LTU 2017"]
[Site "masterchessopen.com Vilnius LTU"]
[Date "2017.02.28"]
[Round "5.42"]
[White "Danovski,Henryk"]
[Black "Povilaitis,Tomas"]
[Result "0-1"]
[WhiteElo "1409"]
[BlackElo "1607"]

1.e4 c6 2.d4 d5 3.exd5 cxd5 4.c4 Nc6 5.Nf3 Nf6 6.Bd3 Bg4 7.Nbd2 Nxd4 8.Qa4+
Bd7 9.Qb4 Nxf3+ 10.Nxf3 e5 11.Qxb7 e4 12.O-O exf3 13.Bc2 Be7 14.cxd5 O-O
15.Re1 fxg2 16.Kxg2 Bc5 17.Bb3 Rb8 18.Qa6 Bb5 19.Bf4 Bxa6 20.Bxb8 Qxb8 21.Rac1
Bb6 22.Kg1 Qf4 23.Rc2 Ng4 {#R} 0-1

[Event "ch-LTU 2017"]
[Site "masterchessopen.com Vilnius LTU"]
[Date "2017.03.01"]
[Round "6.1"]
[White "Sakalauskas,V"]
[Black "Brazdzionis,A"]
[Result "1-0"]
[WhiteElo "2357"]
[BlackElo "2288"]

1.d4 e6 2.c4 Nf6 3.Nc3 Bb4 4.Qc2 O-O 5.Bg5 d5 6.e3 h6 7.Bh4 Nbd7 8.Nf3 c5
9.cxd5 exd5 10.Be2 Qa5 11.O-O Bxc3 12.bxc3 c4 13.Nd2 Re8 14.Bf3 g5 15.Bg3 Nf8
16.Be5 Ng4 17.Bd6 Ng6 18.e4 Nh4 19.Bxg4 Bxg4 20.f3 Bd7 21.Bg3 Ng6 22.f4 Qa4
23.Qb1 Qb5 24.f5 Ne7 25.Qd1 dxe4 26.Nxe4 Nxf5 27.Nf6+ Kg7 28.Rb1 Qc6 29.Nxe8+
Rxe8 30.d5 Qc8 31.Bf2 b6 32.Qf3 Kg6 33.g4 Nd6 34.Bg3 Qc5+ 35.Kh1 f5 36.Bxd6
Qxd6 37.gxf5+ Kf6 38.Rbe1 Re5 39.Rxe5 Qxe5 40.Qh5 Qe4+ 41.Kg1 Qe3+ 42.Kg2 Qe4+
43.Qf3 Qe5 44.Rf2 b5 45.Re2 Qxf5 46.d6 b4 47.cxb4 g4 48.Qxf5+ Bxf5 49.Rf2 c3
50.d7 {#r} 1-0

[Event "ch-LTU 2017"]
[Site "masterchessopen.com Vilnius LTU"]
[Date "2017.03.01"]
[Round "6.2"]
[White "Stauskas,Lukas"]
[Black "Laurusas,T"]
[Result "1-0"]
[WhiteElo "2272"]
[BlackElo "2433"]

1.d4 d6 2.c4 e5 3.Nf3 Nd7 4.Nc3 g6 5.dxe5 dxe5 6.Qc2 c6 7.Bg5 f6 8.Bd2 Qb6
9.Na4 Qc7 10.c5 b5 11.cxb6 axb6 12.e3 Ne7 13.h4 Nd5 14.a3 b5 15.Nc3 Nxc3
16.Qxc3 Nc5 17.Rc1 Bd7 18.h5 g5 19.Qc2 Ra4 20.Bb4 Rxb4 21.axb4 Na6 22.Ra1
Bxb4+ 23.Nd2 Nc5 24.Bd3 Bc8 25.Ke2 O-O 26.Ne4 Nxd3 27.Qxd3 Be6 28.Rhc1 Qb6
29.b3 c5 30.Rab1 Bf7 31.Qd7 Bxh5+ 32.f3 Bg6 33.Rd1 f5 34.Nxg5 Qf6 35.Ne6 Re8
36.Nc7 Qg5 37.Kf1 Rb8 38.Qe6+ Bf7 39.Qxe5 Rb6 40.Ra1 Qf6 41.Ra8+ Kg7 42.Ne8+
Bxe8 43.Qxe8 c4 44.Rd7+ Kh6 45.Raa7 Rb7 46.Rdxb7 {#r} 1-0

[Event "ch-LTU 2017"]
[Site "masterchessopen.com Vilnius LTU"]
[Date "2017.03.01"]
[Round "6.5"]
[White "Chocenka,D"]
[Black "Zaksaite,S"]
[Result "1-0"]
[WhiteElo "2216"]
[BlackElo "2289"]

1.e4 c5 2.Nc3 Nc6 3.g3 g6 4.Bg2 Bg7 5.d3 e6 6.Be3 d6 7.Qd2 Rb8 8.Nh3 Nge7
9.O-O O-O 10.Bh6 d5 11.Bxg7 Kxg7 12.exd5 exd5 13.Nf4 d4 14.Ncd5 Nxd5 15.Nxd5
Bf5 16.Rfe1 Qd6 17.a3 h6 18.Re2 Bg4 19.Ree1 g5 20.f4 f6 21.c4 dxc3 22.Nxc3 c4
23.Nd5 cxd3 24.Qxd3 Rbd8 25.Qc3 Rc8 26.Kh1 Qd7 27.Rac1 Ne5 28.fxe5 Rxc3
29.Rxc3 Rc8 30.exf6+ Kf8 31.Rce3 Bh3 32.Be4 Re8 33.Ne7 Qd4 34.Bd5 Bf5 35.Re5
Bh7 36.R1e2 Rd8 37.Kg2 Qb6 38.f7 Rxd5 39.Nxd5 Qc6 40.Re8+ Kxf7 41.R2e7+ {#r}
1-0

[Event "ch-LTU 2017"]
[Site "masterchessopen.com Vilnius LTU"]
[Date "2017.03.01"]
[Round "6.6"]
[White "Jegorovas,A"]
[Black "Narmontas,R"]
[Result "1-0"]
[WhiteElo "2282"]
[BlackElo "2001"]

1.d4 Nf6 2.Nf3 e6 3.c4 b6 4.a3 Bb7 5.Nc3 d6 6.d5 e5 7.e4 Be7 8.Be2 a5 9.O-O
O-O 10.Ne1 Nbd7 11.Be3 Ne8 12.b4 Bg5 13.Bxg5 Qxg5 14.Nd3 g6 15.c5 Bc8 16.Kh1
Qe7 17.c6 Ndf6 18.Qd2 Ng7 19.f4 Nfe8 20.Qe3 f5 21.fxe5 axb4 22.axb4 Rxa1
23.Rxa1 fxe4 24.Nxe4 dxe5 25.Ng3 Nd6 26.Qxe5 Qxe5 27.Nxe5 Re8 28.Nc4 Ngf5
29.Nxf5 Nxf5 30.d6 cxd6 31.Nxb6 Rxe2 32.Nxc8 Rc2 33.b5 Nd4 34.Nxd6 Nxb5
35.Nxb5 Rxc6 36.Kg1 Kg7 37.Ra7+ Kh6 38.Nd4 Rf6 39.h4 Kh5 40.Rxh7+ Kg4 41.Kh2
Ra6 42.Nf3 Re6 43.Rh6 {#r} 1-0

[Event "ch-LTU 2017"]
[Site "masterchessopen.com Vilnius LTU"]
[Date "2017.03.01"]
[Round "6.7"]
[White "Velioniskis,R"]
[Black "Grabliauskas,V"]
[Result "0-1"]
[WhiteElo "1931"]
[BlackElo "2367"]

1.d4 Nf6 2.Nf3 d5 3.e3 e6 4.Bd3 c5 5.c3 Nc6 6.Nbd2 Bd6 7.O-O O-O 8.dxc5 Bxc5
9.e4 Qc7 10.Qe2 b6 11.h3 Nh5 12.exd5 Nf4 13.Qe4 f5 14.Qa4 exd5 15.Bb5 Bd7
16.Nb3 Nxh3+ 17.Kh1 Nxf2+ 18.Rxf2 Bxf2 19.Bf4 Qc8 20.Nbd4 Rf6 21.Qb3 Kh8
22.Qxd5 a6 23.Rf1 Bxd4 24.Bxc6 Bxc6 25.Qxd4 Bxf3 26.Rxf3 Qd8 27.Qe5 Qe8 28.Qc7
Qc6 29.Qxc6 Rxc6 30.Be5 Rf8 31.g4 Rh6+ 32.Bh2 f4 {#R} 0-1

[Event "ch-LTU 2017"]
[Site "masterchessopen.com Vilnius LTU"]
[Date "2017.03.01"]
[Round "6.9"]
[White "Juknis,P"]
[Black "Rositsan,B"]
[Result "1-0"]
[WhiteElo "2222"]
[BlackElo "2097"]

1.e4 Nf6 2.e5 Nd5 3.d4 d6 4.c4 Nb6 5.exd6 exd6 6.Nc3 Nc6 7.h3 Bf5 8.Be3 Be7
9.Nf3 Qd7 10.d5 Ne5 11.Nxe5 dxe5 12.c5 Nc8 13.d6 Bd8 14.dxc7 Qxc7 15.Bb5+ Bd7
16.Bxd7+ Qxd7 17.Qxd7+ Kxd7 18.O-O-O+ Kc6 19.b4 b5 20.a4 a6 21.Kc2 f5 22.Ra1
bxa4 23.Rxa4 Kb7 24.f3 Bf6 25.g4 h6 26.Nd5 f4 27.Bf2 Re8 28.Nc3 Ne7 29.Ne4
Red8 30.Rha1 Nc6 31.Nd6+ Rxd6 32.cxd6 e4 33.fxe4 Bxa1 34.Rxa1 Nxb4+ 35.Kb3 Nd3
36.Bd4 f3 37.Rf1 f2 38.Kc4 Nf4 39.Rb1+ Kc6 40.Rb6+ Kd7 41.Bxf2 Rc8+ 42.Kd4 Rc2
43.Be3 Ne6+ 44.Kd5 Nd8 45.Rxa6 Re2 46.Ra7+ Ke8 47.Bd4 Rd2 48.Rxg7 Rxd4+
49.Kxd4 Ne6+ 50.Ke5 Nxg7 51.Kf6 {#r} 1-0

[Event "ch-LTU 2017"]
[Site "masterchessopen.com Vilnius LTU"]
[Date "2017.03.01"]
[Round "6.10"]
[White "Salna,Aleksandras"]
[Black "Valantiejus,Vaidotas"]
[Result "1-0"]
[WhiteElo "1963"]
[BlackElo "2174"]

1.d4 Nf6 2.Nf3 g6 3.Bf4 Bg7 4.e3 d6 5.Be2 O-O 6.h3 Nbd7 7.O-O Qe8 8.Bh2 e5
9.c4 Ne4 10.Nbd2 Nxd2 11.Qxd2 e4 12.Ne1 Qe7 13.b4 f5 14.c5 Nf6 15.Nc2 Kh8
16.Na3 g5 17.Rac1 f4 18.cxd6 cxd6 19.Nb5 a6 20.Nc7 Rb8 21.exf4 g4 22.hxg4 Nxg4
23.Bxg4 Bxg4 24.Nd5 Qf7 25.Ne3 Qg6 26.Rfe1 Bh6 27.Nxg4 Qxg4 28.Rxe4 Rg8 29.Bg3
d5 30.Re7 Rge8 31.Qe3 Rxe7 32.Qxe7 Qf5 33.Rc7 Rf8 34.Rxb7 Qd3 35.Qe5+ Kg8
36.Qe6+ {#r} 1-0

[Event "ch-LTU 2017"]
[Site "masterchessopen.com Vilnius LTU"]
[Date "2017.03.01"]
[Round "6.11"]
[White "Martinkus,R"]
[Black "Juksta,Karolis"]
[Result "1-0"]
[WhiteElo "2198"]
[BlackElo "2039"]

1.g3 d5 2.Bg2 Nf6 3.c4 d4 4.Nf3 Nc6 5.b4 d3 6.O-O dxe2 7.Qxe2 Nxb4 8.d4 Bf5
9.Ne5 c6 10.Bb2 Nc2 11.d5 cxd5 12.cxd5 Nxa1 13.Bxa1 Rb8 14.Nd2 e6 15.g4 Bg6
16.dxe6 fxe6 17.Ndf3 Bd6 18.Rd1 Qe7 19.Qb5+ Kf8 20.g5 Qe8 21.Nxg6+ hxg6 22.Qb2
Qd8 23.gxf6 Bxh2+ 24.Nxh2 Qxd1+ 25.Nf1 Rh5 26.Qb4+ Kg8 27.Qe7 gxf6 28.Qxf6 e5
29.Qxg6+ Kf8 30.Bc3 a5 31.Bxa5 Qa4 32.Qxh5 Qxa5 33.Qh8+ {#r} 1-0

[Event "ch-LTU 2017"]
[Site "masterchessopen.com Vilnius LTU"]
[Date "2017.03.01"]
[Round "6.13"]
[White "Kaunas,K"]
[Black "Petraitis,G"]
[Result "1-0"]
[WhiteElo "2169"]
[BlackElo "1925"]

1.d4 d5 2.c4 e6 3.Nf3 c6 4.e3 Nf6 5.Nc3 Bd6 6.Bd3 O-O 7.O-O Nbd7 8.b3 h6 9.Bb2
b6 10.e4 dxe4 11.Nxe4 Nxe4 12.Bxe4 Bb7 13.Ne5 Nxe5 14.dxe5 Be7 15.f4 Bc5+
16.Kh1 Qe7 17.Qf3 Qc7 18.f5 exf5 19.Qxf5 g6 20.Qh3 Rfe8 21.e6 f5 22.Bxf5 Qh7
23.Qg4 {#r} 1-0

[Event "ch-LTU 2017"]
[Site "masterchessopen.com Vilnius LTU"]
[Date "2017.03.01"]
[Round "6.14"]
[White "Zukauskas,Arnas Povilas"]
[Black "Janulaitis,Albertas"]
[Result "1-0"]
[WhiteElo "2142"]
[BlackElo "1907"]

1.e4 e5 2.Nf3 Nc6 3.Bb5 a6 4.Ba4 b5 5.Bb3 Bc5 6.c3 Nf6 7.d3 O-O 8.O-O d6 9.h3
Be6 10.Bc2 Ba7 11.d4 Bc8 12.Be3 Qe7 13.Nbd2 Rb8 14.a3 Rd8 15.Re1 Na5 16.dxe5
Bxe3 17.exf6 Bxf2+ 18.Kxf2 gxf6 19.Nd4 c5 20.Nf5 Bxf5 21.exf5 Qc7 22.Ne4 Qe7
23.Qh5 c4 24.Qh6 {#r} 1-0

[Event "ch-LTU 2017"]
[Site "masterchessopen.com Vilnius LTU"]
[Date "2017.03.01"]
[Round "6.17"]
[White "Grybas,G"]
[Black "Barsciauskas,G"]
[Result "1-0"]
[WhiteElo "2028"]
[BlackElo "1598"]

1.d4 d5 2.c4 e6 3.Nf3 Nf6 4.Nc3 c6 5.Bg5 Nbd7 6.e3 Bb4 7.Qb3 Qa5 8.Bh4 Ne4
9.Rc1 O-O 10.Bd3 f5 11.O-O Ndf6 12.c5 Bxc3 13.bxc3 Qc7 14.Bg3 Nxg3 15.hxg3 Ne4
16.Rb1 Rf6 17.Bxe4 fxe4 18.Ne5 Rb8 19.Qa4 a6 20.Rb6 Bd7 21.Rfb1 Be8 22.Qb4 Qd8
23.Rxa6 Rf8 24.Rb6 Ra8 25.a4 Ra6 26.Rxb7 Qa8 27.Rb8 Qa7 28.Ra1 Bh5 29.Rxf8+
Kxf8 30.Qb8+ Qxb8 31.Nd7+ Kg8 32.Nxb8 Ra8 33.Nxc6 Be8 34.Ne5 Bxa4 35.f3 Bc6
36.Rxa8+ Bxa8 37.c6 Kf8 38.c7 Bb7 39.Nd7+ {#r} 1-0

[Event "ch-LTU 2017"]
[Site "masterchessopen.com Vilnius LTU"]
[Date "2017.03.01"]
[Round "6.20"]
[White "Juodzevicius,Darius"]
[Black "Indriunas,Matas"]
[Result "0-1"]
[WhiteElo "1930"]
[BlackElo "1652"]

1.d4 Nf6 2.Nf3 g6 3.c4 Bg7 4.Nc3 O-O 5.Bg5 d6 6.e3 Nbd7 7.Be2 h6 8.Bh4 c6
9.O-O g5 10.Bg3 Nh5 11.Nd2 Nxg3 12.hxg3 e5 13.Nde4 exd4 14.exd4 Nf6 15.g4 Nxe4
16.Nxe4 d5 17.cxd5 Qxd5 18.Qc2 Qxd4 19.Rab1 f5 20.Ng3 fxg4 21.Rbd1 Qxb2 22.Qe4
Qe5 23.Bc4+ Kh8 24.Qb1 b5 25.Bb3 Bf5 26.Qc1 Qc7 27.Qc5 Be5 28.Kh1 Bg6 29.Rfe1
Rae8 30.Rc1 Bd6 31.Qc3+ Kh7 32.Rxe8 Rxe8 33.Qf6 Bxg3 34.fxg3 Qxg3 35.Qxc6 Re1+
36.Rxe1 Qxe1+ 37.Kh2 g3+ {#R} 0-1

[Event "ch-LTU 2017"]
[Site "masterchessopen.com Vilnius LTU"]
[Date "2017.03.01"]
[Round "6.22"]
[White "Leclere,Daniel"]
[Black "Pluta,Paulius"]
[Result "0-1"]
[WhiteElo "1418"]
[BlackElo "1708"]

1.e4 e6 2.d4 d5 3.e5 c5 4.c3 Qb6 5.Nf3 Nc6 6.Bd3 Bd7 7.dxc5 Bxc5 8.Qe2 f6 9.b4
Be7 10.Be3 Qc7 11.Qc2 g6 12.h4 fxe5 13.h5 e4 14.hxg6 exd3 15.g7 dxc2 16.gxh8=Q
cxb1=Q+ 17.Rxb1 O-O-O 18.Qxh7 Nf6 19.Qd3 Kb8 20.b5 Ne5 21.Nxe5 Qxe5 22.Rh4 Bc5
23.Kf1 Bxe3 24.Qxe3 Qxe3 25.fxe3 Ne4 26.c4 Nd2+ {#R} 0-1

[Event "ch-LTU 2017"]
[Site "masterchessopen.com Vilnius LTU"]
[Date "2017.03.01"]
[Round "6.27"]
[White "Vaskevicius,Augustas"]
[Black "Gurevicius,Arunas"]
[Result "1-0"]
[WhiteElo "1806"]
[BlackElo "1683"]

1.e4 c5 2.Nc3 e6 3.Nge2 Nc6 4.g3 Nge7 5.Bg2 g6 6.d3 Bg7 7.Be3 b6 8.Qd2 d5
9.exd5 Nxd5 10.Nxd5 exd5 11.d4 c4 12.O-O O-O 13.Nf4 Bb7 14.Rfe1 Ne7 15.c3 Qd7
16.Bh3 f5 17.Ng2 Rfe8 18.Nh4 b5 19.Bh6 Nc6 20.Bxg7 Kxg7 21.Qg5 Kh8 22.Bxf5
gxf5 23.Nxf5 h6 24.Qxh6+ Kg8 25.Qg5+ Kh7 26.Qh5+ Kg8 27.Nh6+ Kg7 28.Qg5+ Kh7
29.Ng4 Kh8 30.Rxe8+ Rxe8 31.Nf6 {#r} 1-0

[Event "ch-LTU 2017"]
[Site "masterchessopen.com Vilnius LTU"]
[Date "2017.03.01"]
[Round "6.28"]
[White "Jalinskas,Arvydas"]
[Black "Jablokov,Dmitrij"]
[Result "0-1"]
[WhiteElo "1492"]
[BlackElo "1783"]

1.e4 c6 2.d4 d5 3.e5 c5 4.dxc5 Nc6 5.Nf3 Bg4 6.Bb5 e6 7.Be3 Ne7 8.c3 Ng6 9.Bd4
Be7 10.h3 Bxf3 11.Qxf3 O-O 12.Bxc6 bxc6 13.Nd2 Qb8 14.Qe3 Qxb2 15.O-O Rab8
16.f4 Nh4 17.g4 Qc2 18.Rac1 Qxa2 19.Ra1 Qc2 20.Rxa7 Rfe8 21.Kh2 Rb2 22.Rf2 Qd1
23.c4 Rxd2 24.Rxd2 Qxd2+ 25.Qxd2 Nf3+ 26.Kg2 Nxd2 27.cxd5 exd5 28.Rc7 Nb3
29.Bg1 Bxc5 30.Rxc6 Bxg1 31.Kxg1 Nd4 32.Rc5 Ne2+ 33.Kh2 Nxf4 34.Kg3 g5 35.h4
Rxe5 36.hxg5 Ng6 37.Kf3 Rxg5 38.Rc8+ Kg7 39.Kg3 h5 40.Kf2 hxg4 {#R} 0-1